Welcome to the Holygrace Academy Library

Please use search bar below to get started

YEARNING (Record no. 3528)

MARC details
000 -LEADER
fixed length control field 00248nam a22001217a 4500
082 ## - DEWEY DECIMAL CLASSIFICATION NUMBER
Classification number 823
Item number MAT/Y
100 ## - MAIN ENTRY--AUTHOR NAME
Personal name MATHEIKAL, TOMICHAN
245 ## - TITLE STATEMENT
Title YEARNING
260 ## - PUBLICATION, DISTRIBUTION, ETC. (IMPRINT)
Place of publication ALUVA
Name of publisher PEN BOOKS
Year of publication 2004
300 ## - PHYSICAL DESCRIPTION
Number of Pages 128
650 ## - SUBJECT ADDED ENTRY--TOPICAL TERM
Topical Term NOVEL
Geographic subdivision INDIA
942 ## - ADDED ENTRY ELEMENTS (KOHA)
Koha item type Books
Holdings
Withdrawn status Lost status Collection code Home library Current library Shelving location Date acquired Source of acquisition Cost, normal purchase price Full call number Accession Number Koha item type
    Fiction Main Library Main Library SHELF 14 H ALPHEBETICAL - M-FICTION 28/01/2019 purchase 70.00 823 MAT/Y 10756 Books